000 00462nam a2200181Ia 4500
001 3877
005 20260306145715.0
008 260306t2005||||xx |||||||||||||| ||spa||
041 _aESP
082 _a305.0985
_bP43
100 _aAdrianzén, Alberto
_eAUT
245 0 _aPerú hoy, la desigualdad en el Perú:
_bsituación y perspectivas
260 _c2005
300 _a417 páginas :
_c21 cm.
650 _aGEN
654 _aCHU
942 _cLIB
_dJUS
_fJUS
_2ddc
_n
999 _c3877
_d3877